| 000 | 00423nam a2200181Ia 4500 | ||
|---|---|---|---|
| 001 | 10776 | ||
| 005 | 20260306161857.0 | ||
| 008 | 260306t2005||||xx |||||||||||||| ||spa|| | ||
| 041 | _aESP | ||
| 082 |
_a949.5 _bF83 |
||
| 100 |
_aFrench, Elizabeth _eAUT |
||
| 245 | 0 | _aMicenas capital de Agamenón | |
| 260 | _c2005 | ||
| 300 |
_a194 páginas : _c24 cm. |
||
| 650 | _aGEN | ||
| 654 | _aCHU | ||
| 942 |
_cLIB _dJUS _fJUS _2ddc _n |
||
| 999 |
_c10776 _d10776 |
||